[Event "ch-AUS 2024"]
[Site "Adelaide AUS"]
[Date "2024.01.10"]
[Round "10.10"]
[White "Hernandez Mendez, Iker"]
[Black "Lee, Aaron James"]
[Result "0-1"]
[WhiteElo "1834"]
[BlackElo "2051"]
[WhiteFideId "3243214"]
[BlackFideId "3232409"]
[EventDate "2024.01.02"]
[EventType "swiss"]

1. e4 d5 2. exd5 Qxd5 3. Nc3 Qa5 4. d4 Nf6 5. Nf3 Bf5 6. Bd2 c6 7. Bc4 Nbd7 8.
Qe2 Qc7 9. O-O-O e6 10. Rhe1 O-O-O 11. Ne5 Nxe5 12. dxe5 Nd5 13. h4 h5 14. Bxd5
cxd5 15. Bg5 Rd7 16. Nb5 Qa5 17. Kb1 a6 18. Nd4 Bg6 19. Qe3 Bb4 20. Nb3 Qa4 21.
Re2 Rc7 22. Rd4 Qb5 23. Rd1 Kb8 24. Nd4 Qa4 25. Qb3 Qxb3 26. axb3 Rhc8 27. Kc1
Bc5 28. c3 b5 29. Kd2 b4 30. Be3 Kb7 31. c4 dxc4 32. bxc4 Bxd4 33. Bxd4 Rxc4 34.
Ke3 Bc2 35. Rdd2 a5 36. g3 a4 37. Re1 R8c7 38. Ra1 Bb3 39. Kd3 Rd7 40. Ke3 Rd5
41. f3 f6 42. exf6 e5 43. f7 exd4+ 44. Rxd4 Rf5 45. Rxc4 Bxc4 46. Rxa4 Bxf7 47.
Rxb4+ Kc6 48. g4 hxg4 49. Rxg4 g6 50. b4 Rh5 51. Rf4 Be8 52. Kd4 Kd6 53. Re4 Bd7
54. Kc4 Bb5+ 55. Kd4 Bd7 56. Rf4 Be6 57. b5 Rxb5 58. Rf6 Rb4+ 59. Ke3 Rxh4 60.
Rxg6 Ke5 61. Rg5+ Bf5 62. Rg8 Bd7 63. Ra8 Bc6 64. Ra5+ Bd5 65. Kf2 Rb4 66. Kg3
Rb3 67. Kg4 Rd3 68. f4+ Kf6 69. Ra6+ Be6+ 70. f5 Rd4+ 71. Kf3 Kxf5 72. Ra5+ Bd5+
73. Ke3 Ke5 74. Ra7 Rh4 75. Re7+ Be6 76. Re8 Rh3+ 77. Kd2 Kd5 78. Rd8+ Kc4 79.
Ra8 Kd4 80. Rd8+ Bd5 81. Kd1 Rh2 82. Ke1 Ke3 83. Rf8 Bf3 84. Re8+ Be4 85. Rf8
Rb2 86. Rd8 Ra2 87. Rd6 Rh2 88. Rf6 Bd5 89. Kd1 Bc4 90. Rg6 Rh1+ 0-1

[Event "ch-AUS 2024"]
[Site "Adelaide AUS"]
[Date "2024.01.10"]
[Round "10.11"]
[White "Li, Hui"]
[Black "Annapureddy, Rheyansh Reddy"]
[Result "1-0"]
[WhiteTitle "CM"]
[WhiteElo "1988"]
[BlackElo "1866"]
[WhiteFideId "15400310"]
[BlackFideId "3244806"]
[EventDate "2024.01.02"]
[EventType "swiss"]

1. e4 c5 2. Nf3 Nc6 3. d4 cxd4 4. Nxd4 g6 5. Nc3 Bg7 6. Be3 Nf6 7. Bc4 O-O 8.
Bb3 Re8 9. h4 d5 10. Nxc6 bxc6 11. exd5 Nxd5 12. Nxd5 cxd5 13. Qxd5 Qxd5 14.
Bxd5 Rb8 15. Bc1 Ba6 16. Rh3 Red8 17. Bb3 Rb4 18. c3 Re4+ 19. Be3 Bc8 20. Rh1
Bh6 21. Rd1 Rxd1+ 22. Bxd1 Bxe3 23. fxe3 Rxe3+ 24. Kf2 Rd3 25. Be2 Rd6 26. Rd1
Rf6+ 27. Ke3 Re6+ 28. Kf2 Rf6+ 29. Bf3 Be6 30. Rd8+ Kg7 31. Ra8 Bd5 32. Rxa7 e5
33. Ke3 Bxf3 34. gxf3 Rf4 35. a4 Rxh4 36. a5 Rh2 37. Rb7 Rh1 38. Rb3 Rd1 39. a6
Rd8 40. Ra3 Kf6 41. b4 Ke6 42. c4 Ra8 43. b5 Kd6 44. b6 e4 45. Kxe4 1-0

[Event "ch-AUS 2024"]
[Site "Adelaide AUS"]
[Date "2024.01.10"]
[Round "10.13"]
[White "Salasan, Haran"]
[Black "Rice, Leah"]
[Result "0-1"]
[WhiteTitle "CM"]
[WhiteElo "1952"]
[BlackElo "1525"]
[WhiteFideId "3221253"]
[BlackFideId "5824605"]
[EventDate "2024.01.02"]
[EventType "swiss"]

1. d4 d5 2. c4 c6 3. Nc3 Nf6 4. e3 e6 5. Nf3 Nbd7 6. Be2 dxc4 7. a4 Qa5 8. Bd2
Bb4 9. Bxc4 O-O 10. O-O c5 11. Qe2 cxd4 12. Nxd4 Ne5 13. Ba2 Bd7 14. Nc2 Bxc3
15. Bxc3 Qc7 16. f4 Ng6 17. Bxf6 gxf6 18. Nd4 f5 19. Rac1 Qa5 20. Bb3 Rac8 21.
Rcd1 Rc7 22. Qh5 Bxa4 23. Ra1 Qd2 24. Rxa4 Qxe3+ 25. Kh1 b5 26. Rb4 a5 27. Nxf5
exf5 28. Rxb5 Qd3 29. Qf3 Qxb5 0-1

[Event "ch-AUS 2024"]
[Site "Adelaide AUS"]
[Date "2024.01.11"]
[Round "11.1"]
[White "Sardana, Rishi"]
[Black "Melamed, Daniel"]
[Result "1-0"]
[WhiteTitle "IM"]
[BlackTitle "CM"]
[WhiteElo "2470"]
[BlackElo "1988"]
[WhiteFideId "25004301"]
[BlackFideId "3229076"]
[EventDate "2024.01.02"]
[EventType "swiss"]

1. d4 Nf6 2. c4 e6 3. Nf3 d5 4. Nc3 Bb4 5. Qa4+ Nc6 6. e3 O-O 7. Qc2 Re8 8. a3
Bf8 9. Bd2 e5 10. dxe5 Nxe5 11. cxd5 Nxd5 12. O-O-O Nf6 13. Nxe5 Rxe5 14. e4 Re8
15. Bg5 Bd7 16. Bc4 c6 17. Qb3 Qe7 18. e5 Qxe5 19. Bxf7+ Kh8 20. Bxf6 Qxf6 21.
Bxe8 Qf4+ 22. Kb1 Bf5+ 23. Ka1 Rxe8 24. Qxb7 Rb8 25. Qxa7 Rb3 26. Rd8 Kg8 27.
Qe7 Bg6 28. Rhd1 Rxc3 29. Rxf8+ Qxf8 30. Qxf8+ Kxf8 31. bxc3 1-0

[Event "ch-AUS 2024"]
[Site "Adelaide AUS"]
[Date "2024.01.11"]
[Round "11.2"]
[White "Litchfield, Frederick"]
[Black "Solomon, Stephen J"]
[Result "0-1"]
[WhiteTitle "FM"]
[BlackTitle "IM"]
[WhiteElo "2176"]
[BlackElo "2277"]
[WhiteFideId "3218295"]
[BlackFideId "3200043"]
[EventDate "2024.01.02"]
[EventType "swiss"]

1. d4 Nf6 2. c4 e6 3. Nc3 Bb4 4. e3 O-O 5. Ne2 d5 6. a3 Be7 7. cxd5 exd5 8. Nf4
Re8 9. Bd3 Bd6 10. O-O Bxf4 11. exf4 Nc6 12. Bc2 Ne7 13. Re1 Bf5 14. Ba4 c6 15.
Be3 h5 16. b4 a6 17. Qc1 Nc8 18. Bd1 Nd6 19. a4 b5 20. Ne2 Nc4 21. Ng3 Bg4 22.
f3 Qd6 23. Bf2 Bd7 24. axb5 axb5 25. Rb1 h4 26. Nf1 Nh5 27. Re5 Nxe5 28. fxe5
Qg6 29. Bxh4 Ra2 30. Ne3 Nf4 31. Bg3 Nd3 32. Qc3 Nxe5 33. Qb3 Rea8 34. Nxd5 cxd5
35. Rc1 Nc4 0-1

[Event "ch-AUS 2024"]
[Site "Adelaide AUS"]
[Date "2024.01.11"]
[Round "11.3"]
[White "Liu, Yi"]
[Black "Le, Tri Kien"]
[Result "1-0"]
[WhiteTitle "FM"]
[BlackTitle "CM"]
[WhiteElo "2260"]
[BlackElo "2243"]
[WhiteFideId "3210588"]
[BlackFideId "12411027"]
[EventDate "2024.01.02"]
[EventType "swiss"]

1. d4 Nf6 2. Nf3 d5 3. Bf4 c5 4. e3 Nc6 5. Nbd2 cxd4 6. exd4 Bf5 7. Bb5 Qb6 8.
c4 Bd7 9. O-O e6 10. a4 a6 11. c5 Qa5 12. Bd3 Be7 13. Nb1 Qd8 14. Qd2 a5 15. Nc3
O-O 16. Nb5 Ne8 17. Ng5 g6 18. h4 f6 19. Nf3 b6 20. cxb6 Qxb6 21. Rac1 Ng7 22.
Bc7 Qb7 23. Qh6 Nb4 24. Be2 Bxb5 25. Bxb5 Rfc8 26. Bh2 Nf5 27. Qd2 Bd6 28. h5
Bxh2+ 29. Nxh2 Kg7 30. Qf4 Rxc1 31. Rxc1 Rc8 32. Rc3 g5 33. Qd2 h6 34. Ng4 Nd6
35. Qe2 Ne4 36. Qf3 Nc6 37. Rd3 Nb4 38. Rc3 Nc6 39. Rd3 Ne7 40. Rc3 Nf5 41. Rxc8
Qxc8 42. Qd1 Qc7 43. Bd3 Qf4 44. g3 Nfxg3 45. fxg3 Qxg3+ 46. Kf1 Qh3+ 47. Kg1
Qg3+ 48. Kf1 f5 49. Bxe4 dxe4 50. Ne5 Qh3+ 51. Ke1 Qe3+ 52. Qe2 Qg1+ 53. Qf1
Qxd4 54. Qb5 Kf6 55. Nd7+ Ke7 56. Qc5+ Qd6 57. Qxd6+ Kxd6 58. Nb6 Kc5 59. Nd7+
Kd4 60. Nf6 g4 61. Ng8 g3 62. Nxh6 Ke3 63. Kf1 Kd2 64. Nf7 e3 65. Ne5 e2+ 66.
Kg2 Ke3 67. Nf3 f4 68. h6 e5 69. h7 e4 70. Ne1 f3+ 71. Kxg3 Kd2 72. Kf2 e3+ 73.
Kxf3 Kxe1 74. h8=Q Kd2 75. Qd4+ Kc2 76. Kxe2 1-0

[Event "ch-AUS 2024"]
[Site "Adelaide AUS"]
[Date "2024.01.11"]
[Round "11.4"]
[White "Tao, Trevor"]
[Black "Asaka, Samuel"]
[Result "0-1"]
[WhiteTitle "IM"]
[WhiteElo "2364"]
[BlackElo "2125"]
[WhiteFideId "3201961"]
[BlackFideId "3228690"]
[EventDate "2024.01.02"]
[EventType "swiss"]

1. Nf3 d5 2. e3 Nf6 3. a3 Bg4 4. c4 c6 5. h3 Bh5 6. cxd5 cxd5 7. Qa4+ Nfd7 8. g4
Bg6 9. Nc3 Nc6 10. b4 e6 11. Bb2 Be7 12. d4 O-O 13. Qd1 a6 14. Be2 b5 15. O-O
Nb6 16. Nd2 f6 17. f4 e5 18. fxe5 fxe5 19. dxe5 Nxe5 20. Rxf8+ Bxf8 21. Nxb5 Qb8
22. Nf1 axb5 23. Bxb5 Be4 24. Be2 Nbc4 0-1

[Event "ch-AUS 2024"]
[Site "Adelaide AUS"]
[Date "2024.01.11"]
[Round "11.5"]
[White "Lane, Gary W"]
[Black "Soo, Kai Jie"]
[Result "1-0"]
[WhiteTitle "IM"]
[BlackTitle "FM"]
[WhiteElo "2342"]
[BlackElo "2058"]
[WhiteFideId "3203301"]
[BlackFideId "5803454"]
[EventDate "2024.01.02"]
[EventType "swiss"]

1. e4 e6 2. d4 d5 3. Nd2 c5 4. exd5 exd5 5. Ngf3 Nc6 6. Bb5 Qe7+ 7. Qe2 Qxe2+ 8.
Kxe2 a6 9. Bxc6+ bxc6 10. Ne5 Bf5 11. Kd1 cxd4 12. Re1 Be7 13. Nxc6 Bxc2+ 14.
Kxc2 Rc8 15. Kd3 Rxc6 16. Nf3 Re6 17. Bg5 Rxe1 18. Rxe1 f6 19. Bd2 Kd7 20. Kxd4
Bd6 21. Kxd5 Ne7+ 22. Kd4 g5 23. Kd3 h5 24. g3 Ng6 25. Bc3 g4 26. Nd2 Rf8 27.
Nc4 Bc7 28. Re2 h4 29. b4 h3 30. Ne3 f5 31. Nd5 Bd8 32. a4 f4 33. Bd4 fxg3 34.
fxg3 Rf3+ 35. Kc4 Nf8 36. Ne3 Ne6 37. Nxg4 Ra3 38. Bb2 Ra2 39. Rd2+ 1-0

[Event "ch-AUS 2024"]
[Site "Adelaide AUS"]
[Date "2024.01.11"]
[Round "11.6"]
[White "Ryjanova, Julia"]
[Black "Li, Hui"]
[Result "1-0"]
[WhiteTitle "WGM"]
[BlackTitle "CM"]
[WhiteElo "2285"]
[BlackElo "1988"]
[WhiteFideId "4127714"]
[BlackFideId "15400310"]
[EventDate "2024.01.02"]
[EventType "swiss"]

1. d4 d5 2. c4 e6 3. Nc3 Nf6 4. cxd5 exd5 5. Bg5 c6 6. e3 Be7 7. Bd3 Nbd7 8. h3
O-O 9. Qc2 Re8 10. Nf3 Nf8 11. O-O g6 12. Ne5 Ne6 13. Bh6 Ng7 14. g4 Nd7 15. f4
Nxe5 16. fxe5 Bg5 17. Bxg5 Qxg5 18. Qf2 Be6 19. Qf4 Qh4 20. Rf3 h5 21. Rg3 Rad8
22. Ne2 Qe7 23. a3 Bc8 24. Qh6 h4 25. Rf3 Ne6 26. Rf6 Qf8 27. Qxh4 Qg7 28. Raf1
Rd7 29. Kg2 Rde7 30. Qg3 c5 31. Nf4 Nxf4+ 32. Qxf4 c4 33. Bc2 Be6 34. Qg5 Kh7
35. Qh4+ Qh6 36. Qg3 Kg7 37. h4 Qh8 38. Rh1 Rg8 39. h5 g5 40. Qf3 Kf8 41. Rf1
Ke8 42. Bf5 Kd8 43. e4 Rd7 44. Bxe6 fxe6 45. Rxe6 Qh7 46. exd5 Rgg7 47. Qf8+ Kc7
48. Qc5+ 1-0

[Event "ch-AUS 2024"]
[Site "Adelaide AUS"]
[Date "2024.01.11"]
[Round "11.7"]
[White "Leaver, Kyle"]
[Black "Dragicevic, Domagoj"]
[Result "1-0"]
[BlackTitle "FM"]
[WhiteElo "2062"]
[BlackElo "2040"]
[WhiteFideId "3228410"]
[BlackFideId "3203328"]
[EventDate "2024.01.02"]
[EventType "swiss"]

1. e4 e5 2. Nf3 Nc6 3. Bc4 Nf6 4. d3 h6 5. O-O d6 6. a4 g5 7. Nc3 Bg7 8. a5 a6
9. Nd5 Nxd5 10. Bxd5 O-O 11. Be3 Nd4 12. Nxd4 exd4 13. Bd2 c6 14. Ba2 Be6 15. f4
Bxa2 16. Rxa2 Qe7 17. fxg5 hxg5 18. Qg4 f6 19. Rf5 Rae8 20. Ra1 Qf7 21. Raf1 Qa2
22. Bc1 Re5 23. h4 gxh4 24. Bh6 Re7 25. Rxf6 Rxf6 26. Rxf6 Qb1+ 27. Kh2 Qxc2 28.
Bxg7 Rxg7 29. Qc8+ Kh7 30. Qf5+ Kh8 31. Rf8+ Rg8 32. Qh5+ 1-0

[Event "ch-AUS 2024"]
[Site "Adelaide AUS"]
[Date "2024.01.11"]
[Round "11.8"]
[White "Rodgers, Jack"]
[Black "Nguyen Hong Anh"]
[Result "1-0"]
[WhiteTitle "FM"]
[BlackTitle "WIM"]
[WhiteElo "2059"]
[BlackElo "2020"]
[WhiteFideId "3220885"]
[BlackFideId "12406732"]
[EventDate "2024.01.02"]
[EventType "swiss"]

1. d4 Nf6 2. Bg5 d5 3. Bxf6 exf6 4. e3 Bd6 5. g3 Be6 6. Bg2 c6 7. Ne2 Nd7 8. b3
O-O 9. O-O Nb6 10. Qd3 Qd7 11. Nd2 Bf5 12. e4 Bg6 13. c4 Bb4 14. Rad1 Bxd2 15.
Rxd2 Rfe8 16. f3 Qe6 17. c5 Nd7 18. Nf4 dxe4 19. Qc3 Qe7 20. Nxg6 fxg6 21. fxe4
Rad8 22. b4 g5 23. a4 b6 24. b5 Nf8 25. bxc6 bxc5 26. d5 Ng6 27. Rc2 Ne5 28.
Qxc5 Rd6 29. Rb1 Rc8 30. Rb7 Rc7 31. Qxa7 Rdd7 32. cxd7 Rxc2 33. Qb8+ 1-0

[Event "ch-AUS 2024"]
[Site "Adelaide AUS"]
[Date "2024.01.11"]
[Round "11.9"]
[White "Lee, Aaron James"]
[Black "Leong, Benjamin"]
[Result "1/2-1/2"]
[BlackTitle "CM"]
[WhiteElo "2051"]
[BlackElo "1879"]
[WhiteFideId "3232409"]
[BlackFideId "3238512"]
[EventDate "2024.01.02"]
[EventType "swiss"]

1. e4 c5 2. Nf3 d6 3. Bb5+ Nd7 4. c3 a6 5. Ba4 Nf6 6. Qe2 e6 7. O-O Be7 8. d4 b5
9. Bc2 e5 10. Rd1 Qb6 11. h3 O-O 12. d5 c4 13. Be3 Qc7 14. Nbd2 Bb7 15. Nf1 a5
16. Ng3 g6 17. Qd2 Rfb8 18. Bh6 Nc5 19. Re1 b4 20. Rad1 b3 21. axb3 cxb3 22. Bb1
Nfd7 23. h4 Nb6 24. h5 Nc4 25. Qe2 Ba6 26. Ng5 Qd7 27. Qf3 Bf8 28. Bxf8 Rxf8 29.
Re2 Na4 30. Rdd2 Nxd2 31. Rxd2 Nc5 32. Qe3 Qg4 33. Nh3 Kg7 34. Kh2 Bc8 35. f4 f6
36. f5 g5 37. Bd3 Ba6 38. c4 Qh4 39. Kg1 Nxd3 40. Rxd3 Bxc4 41. Rc3 Rfc8 42. Qb6
g4 43. Nf2 a4 44. Qb7+ Kh6 45. Qe7 Rg8 46. Rxc4 Rg7 47. Qxd6 a3 48. bxa3 b2 49.
Rb4 Rxa3 50. Rxb2 Rxg3 51. Qc5 Qxh5 52. d6 Qf7 53. Rd2 Qd7 54. Kh2 Rb3 55. g3
Rg5 56. Kg2 Kg7 57. Qd5 Rb8 58. Nd3 Qf7 59. Nc5 Qxd5 60. Rxd5 Kf7 61. d7 Rgg8
62. Ne6 Ke7 63. Rd2 Rgd8 64. Nxd8 Rxd8 65. Kf1 Rxd7 66. Rh2 Kd6 67. Rh4 Rg7 68.
Ke2 Ke7 69. Ke3 Kf7 70. Rh6 Ke7 71. Ke2 Kf7 72. Ke3 1/2-1/2

[Event "ch-AUS 2024"]
[Site "Adelaide AUS"]
[Date "2024.01.11"]
[Round "11.10"]
[White "Zhang, Jilin"]
[Black "Phan, Nguyen Mai Chi"]
[Result "1-0"]
[WhiteTitle "WGM"]
[BlackTitle "WFM"]
[WhiteElo "2170"]
[BlackElo "2122"]
[WhiteFideId "8602867"]
[BlackFideId "12401684"]
[EventDate "2024.01.02"]
[EventType "swiss"]

1. e4 c5 2. Nf3 d6 3. d4 cxd4 4. Nxd4 Nf6 5. Nc3 a6 6. Be2 e5 7. Nb3 Be6 8. Be3
Be7 9. Nd5 Nxd5 10. exd5 Bf5 11. a4 O-O 12. O-O Nd7 13. Qd2 Rc8 14. c4 Bg6 15.
a5 f5 16. f4 Kh8 17. Rac1 Bf6 18. Na1 exf4 19. Bxf4 Nc5 20. b4 Ne4 21. Qd3 b6
22. Nb3 bxa5 23. bxa5 Nc5 24. Nxc5 Rxc5 25. Qg3 Bh4 26. Qa3 Bg5 27. Bxg5 Qxg5
28. Bf3 h6 29. Qb4 Rfc8 30. Qb6 Qd8 31. Ra1 Rxc4 32. Qxa6 Rb4 33. Rfc1 Ra8 34.
Qc6 Be8 35. Qc2 Bd7 36. Qc7 Qxc7 37. Rxc7 Ra4 38. Re1 Bb5 39. h3 R4xa5 40. Ree7
Ra1+ 41. Kh2 f4 42. Rxg7 Re1 43. Rh7+ Kg8 44. Bg4 Bd3 45. Be6+ Rxe6 46. Rhg7+
Kh8 47. dxe6 Bf5 48. Rge7 d5 49. Rcd7 Be4 50. Rf7 Rg8 51. g4 fxg3+ 52. Kg1 Re8
53. e7 Kg8 54. Rf4 Kg7 55. h4 h5 56. Rf1 Bg6 57. Kg2 Bf7 58. Kxg3 Be6 59. Ra7
Bg4 60. Rf4 Be6 61. Kf2 Kg6 62. Ke3 Bf7 63. Kd4 Rc8 64. Ra6+ Kg7 65. Ke5 Rc1 66.
Kd6 Re1 67. Kd7 Re2 68. Ra1 Be6+ 69. Kd8 Bf7 70. Rg1+ Bg6 71. Rxg6+ 1-0

[Event "ch-AUS 2024"]
[Site "Adelaide AUS"]
[Date "2024.01.11"]
[Round "11.11"]
[White "Hernandez Mendez, Iker"]
[Black "Bukreyev, Andriy"]
[Result "1/2-1/2"]
[BlackTitle "CM"]
[WhiteElo "1834"]
[BlackElo "1967"]
[WhiteFideId "3243214"]
[BlackFideId "3242730"]
[EventDate "2024.01.02"]
[EventType "swiss"]

1. e4 c6 2. d4 d5 3. Nd2 dxe4 4. Nxe4 Nf6 5. Nxf6+ gxf6 6. Qd3 Qb6 7. Ne2 Na6 8.
c3 Bg4 9. Ng3 O-O-O 10. Qe4 h5 11. Bc4 e5 12. h3 Be6 13. Bxe6+ fxe6 14. O-O Bd6
15. dxe5 Bxe5 16. Be3 Qxb2 17. f4 Bxc3 18. Qxe6+ Kb8 19. Rab1 Qa3 20. Rb3 Qa5
21. Qxc6 Bb4 22. Qxf6 Qxa2 23. Rfb1 h4 24. Nf5 Rhg8 25. Nxh4 Rde8 26. Qd4 Rxe3
27. Rxb4 Nxb4 28. Qxb4 Qd5 29. f5 Reg3 30. Qf4+ Ka8 31. Qf2 Qe4 32. Ra1 a6 33.
Ng6 Rc3 34. Re1 Qd3 35. Kh1 Qd5 36. Ne7 Rxh3+ 37. Kg1 Rxg2+ 38. Qxg2 Qd4+ 39.
Kf1 Qf4+ 40. Ke2 Rh2 41. Qxh2 Qxh2+ 42. Kf3 Qh3+ 43. Ke2 Qg4+ 44. Kd3 Qg3+ 45.
Re3 Qf4 46. Re4 Qd6+ 47. Ke3 a5 48. Re6 Qc5+ 49. Ke4 Qc4+ 50. Ke5 Qc7+ 51. Kd5
Qd7+ 52. Ke5 Qc7+ 53. Kd5 Qd7+ 54. Ke5 Qc7+ 55. Kd5 Qd7+ 56. Ke4 1/2-1/2

[Event "ch-AUS 2024"]
[Site "Adelaide AUS"]
[Date "2024.01.11"]
[Round "11.12"]
[White "Jordan, William"]
[Black "Rice, Leah"]
[Result "1-0"]
[WhiteTitle "FM"]
[WhiteElo "2143"]
[BlackElo "1525"]
[WhiteFideId "3200876"]
[BlackFideId "5824605"]
[EventDate "2024.01.02"]
[EventType "swiss"]

1. c4 c6 2. e4 d5 3. exd5 cxd5 4. cxd5 Qxd5 5. Nc3 Qd8 6. Nf3 Nf6 7. Bc4 e6 8.
O-O Bd6 9. d4 O-O 10. Re1 b6 11. d5 Ba6 12. Bxa6 Nxa6 13. dxe6 Rc8 14. Qe2 Nb4
15. e7 Bxe7 16. Qxe7 Nc2 17. Qxd8 Rcxd8 18. Bg5 Nxa1 19. Rxa1 h6 20. Be3 Nd5 21.
Bd4 Nb4 22. Rc1 f5 23. g3 g5 24. Ne2 Rfe8 25. Ne5 Rxd4 26. Nxd4 Rxe5 27. Rc8+
Kg7 28. Rc7+ Kg6 29. Rxa7 Re4 30. Rd7 Kf6 31. a3 Nd3 32. Nc2 Nxb2 33. Ne3 Na4
34. h3 Re6 35. Kg2 Nc3 36. Rd8 Kg6 37. Rg8+ Kf7 38. Rc8 Nb5 39. a4 Nd6 40. Rb8
Ne4 41. Nxf5 Nc5 42. Ra8 Kg6 43. g4 Nd3 44. Rh8 Nf4+ 45. Kf3 Kf7 46. Rh7+ Kg8
47. Rxh6 Rxh6 48. Nxh6+ Kh7 49. Nf7 Nxh3 50. Kg3 Ng1 51. Nxg5+ Kg6 52. f4 Ne2+
53. Kf3 Nc3 54. Ne4 Nxa4 55. f5+ Kg7 56. Ke3 b5 57. Kd4 Nb6 58. Ke5 Nc4+ 59. Ke6
Ne3 60. g5 Ng2 61. Ke7 Nf4 62. f6+ Kg6 63. f7 Nd5+ 64. Kd6 Kxf7 65. Kxd5 b4 66.
Kc4 Kg6 67. Kxb4 Kf5 68. Kc4 1-0

[Event "ch-AUS 2024"]
[Site "Adelaide AUS"]
[Date "2024.01.11"]
[Round "11.13"]
[White "Salasan, Haran"]
[Black "De Vas, Saminda"]
[Result "1-0"]
[WhiteTitle "CM"]
[WhiteElo "1952"]
[BlackElo "1801"]
[WhiteFideId "3221253"]
[BlackFideId "9905260"]
[EventDate "2024.01.02"]
[EventType "swiss"]

1. d4 d5 2. c4 dxc4 3. e3 e5 4. Bxc4 exd4 5. exd4 Nf6 6. Nc3 a6 7. Qb3 Qd7 8.
Nf3 b5 9. Be2 Bd6 10. Bg5 Qe6 11. Qc2 Bb7 12. O-O O-O 13. Rfe1 Qg4 14. Bxf6 gxf6
15. d5 Qg7 16. Rad1 Kh8 17. Ne4 Rg8 18. Bf1 Bf4 19. Ng3 Nd7 20. Qf5 Bxg3 21.
hxg3 Rad8 22. Rd4 Nb6 23. Red1 Rd6 24. Rh4 Qg6 25. Qh3 Rxd5 26. Rxd5 Bxd5 27.
Rh6 Qb1 28. Rxf6 Bc4 29. Nd2 Qc2 30. Nxc4 Nxc4 31. Rxf7 Qg6 32. Bxc4 bxc4 33.
Rxc7 Qd3 34. Qh6 Qf5 35. Rxc4 Rg6 36. Qc1 Rf6 37. Qc2 Qe6 38. Rc8+ Kg7 39. Rc7+
Rf7 40. Qc3+ Kg8 41. Rc8+ Rf8 42. Rxf8+ Kxf8 43. Qh8+ Ke7 44. Qxh7+ Kd6 45. Qd3+
Kc7 46. Qc3+ Kd7 47. Qd2+ Kc7 48. b3 Qg6 49. Qc1+ Kb7 50. b4 Qe6 51. a3 Qg6 52.
a4 Qe8 53. Qd1 Qe5 54. Qf3+ Kc8 55. Qc6+ Kd8 56. Qb6+ Kd7 57. Qb7+ Kd8 58. Qa8+
Kd7 59. Qa7+ Kd8 60. Qxa6 Qa1+ 61. Qf1 Qxa4 62. Qe1 Qb3 63. Qd2+ Kc8 64. Qc1+
Kd7 65. Qd2+ Kc8 66. Qf4 Qd1+ 67. Kh2 Qh5+ 68. Qh4 Qe2 69. Qh3+ Kb7 70. Qf5 Qd2
71. Qf3+ Kc8 72. Qc6+ Kd8 73. Qf6+ Kc8 74. b5 Qe2 75. Qc6+ Kb8 76. Qd6+ Kc8 77.
Qc5+ Kd8 78. b6 Qe6 79. Qf8+ 1-0